zpět

Detail výsledku týmu

Dělnický dům, Jihlava

Datum a čas kvízu

27 Celkem bodů Celkový počet nahraných bodů na tomto kvízu bez doplňovacích otázek.
2. Pořadí na kvízu Konečné umístění týmu na tomto kvízu.

Zaznamenané odpovědi

# Otázka Odpověď Body Výsledky
1. Jak se jmenuje stránka na česk... Wikipedia 1
2. Prezident Kazachstánu, který b... Nursultan Nazarbajev 1
3. V pražském Rudolfinu byly v so... Všechno bude 1
4. Jak se nazývá inzertní platfor... letgo 1
5. Obhájce hokejového titulu Kome... Martin Zaťovič 0
6. Dnešní cestovatelské téma se b... Córdoba 0
7. Jak se jmenuje velmi známý špa... Luis Buñuel 0
8. Když si vzpomenete na jednu zn... Malagelo 0
9. Jak se jmenuje antický hrdina,... Héraklés (též Herkules) 0
10. Na obrázku vidíte radnici v př... Juan Carlos I. 0